Statistics for Airlines Serving Ottawa (YOW)

Click here to take the quiz!

General Stats

  • This quiz has been taken 74 times
    (39 since last reset)
  • The average score is 7 of 10

Answer Stats

Airline% Correct
Air Canada
100%
WestJet
96%
United Airlines
83%
Sunwing Airlines
74%
Air Transat
65%
Flair Airlines
65%
Porter Airlines
65%
Canadian North
39%
Air North
35%
PAL Airlines
35%

Score Distribution

Percentile by Number Answered

Percent of People with Each Score

Your Score History

You have not taken this quiz since the last reset